Απεριόριστη Δύναμη / Ξεπεράστε τα Όρια σας (Record no. 3263)
[ view plain ]
| 000 -LEADER | |
|---|---|
| fixed length control field | 02605cam a22002174a 4500 |
| 005 - ΗΜΕΡΟΜΗΝΙΑ ΚΑΙ ΩΡΑ ΤΕΛΕΥΤΑΙΑΣ ΕΝΗΜΕΡΩΣΗΣ | |
| Πεδίο ελέγχου | 20250605164110.0 |
| 008 - FIXED-LENGTH DATA ELEMENTS--GENERAL INFORMATION | |
| Πεδίο ελέγχου σταθερού μήκους | 250528s ||||||||||||||||||||||||d |
| 035 ## - SYSTEM CONTROL NUMBER | |
| System control number | 17863 |
| 020 ## - ISBN | |
| ISBN | 9789606056947 |
| 040 ## - ΠΗΓΗ ΚΑΤΑΛΟΓΟΓΡΑΦΗΣΗΣ | |
| Φορέας πρωτότυπης καταλογογράφησης | MC Athens Campus Library |
| Γλώσσα καταλογογράφησης | Ελληνικά, Μοντέρνα (1453-) |
| Modifying agency | MC Athens Campus Library |
| Κανόνες περιγραφικής καταλογογράφησης | AACR2 |
| 245 1# - ΤΙΤΛΟΣ ΚΑΙ ΔΗΛΩΣΗ ΥΠΕΥΘΥΝΟΤΗΤΑΣ | |
| Τίτλος | Απεριόριστη Δύναμη / Ξεπεράστε τα Όρια σας |
| 250 ## - EDITION STATEMENT | |
| Edition statement | 1η |
| 260 ## - PUBLICATION, DISTRIBUTION, ETC. | |
| Name of publisher, distributor, etc. | Διόπτρα, |
| Date of publication, distribution, etc. | 2016 |
| 300 ## - PHYSICAL DESCRIPTION | |
| Extent | 392 |
| 520 ## - SUMMARY, ETC. | |
| Summary, etc. | Το παρόν βιβλίο θα σας δείξει πώς να αποκτήσετε την εκπληκτική ποιότητα ζωής που επιθυμείτε και αξίζετε, και πώς να έχετε τον έλεγχο στην προσωπική και επαγγελματική σας ζωή. Πρόλογος, Εισαγωγή, Το Μοντέλο της Ανθρώπινης Επιτυχίας, Το Αγαθό των Βασιλέων, Η Διαφορά που Κάνει την Διαφορά, Η Δύναμη των Νευροφυσιολογικών Αντιδράσεων, Η Γέννηση της Επιτυχίας: Πίστη, Τα Επτά Ψέμματα της Επιτυχίας, Κυριαρχήστε στον Νου σας: Πώς να Διαχειρίζεστε τον Εγκέφαλο σας, Η Σύνταξη της Επιτυχίας, Πώς να Εκμαιεύσετε τη Στρατηγική Κάποιου, Φυσιολογία: Η Λεωφόρος της Επιτυχίας, Η Κινητήρια Δύναμη της Επιτυχίας, Η Συνταγή της Απόλυτης Επιτυχίας, Εξάλειψη Περιορισμών: Τι Επιθυμείτε;, Η Δύναμη της Ακριβείας, Η Μαγεία της Βαθιάς Επικοινωνίας, Διακρίσεις Επιτυχίας: Μεταπρογράμματα, Χειριστείτε την Αντίσταση και Επιλύστε τα Προβλήματα, Αναπλαισίωση: Η Δύναμη της Προοπτικής, Αγκύρωση στην Επιτυχία, Ηγεσία: Η Πρόκληση της Επιτυχίας, Ιεραρχία Αξιών: Ο Απόλυτος Κριτής της Επιτυχίας, Τα Πέντε Κλειδιά του Πλούτου και της Ευτυχίας, Δημιουργία Τάσεων: Η Δύναμη της Πειθούς, Ζώντας την Επιτυχία: Η Ανθρώπινη Πρόκληση, Γλωσσάρι. |
| 700 1# - ΠΡΟΣΘΕΤΗ ΑΝΑΓΡΑΦΗ--ΦΥΣΙΚΟ ΠΡΟΣΩΠΟ | |
| Personal name | Robbins Anthony |
| 9 (RLIN) | 4147 |
| 700 1# - ΠΡΟΣΘΕΤΗ ΑΝΑΓΡΑΦΗ--ΦΥΣΙΚΟ ΠΡΟΣΩΠΟ | |
| Personal name | Φιλίππου Αλέξανδρος |
| 9 (RLIN) | 4148 |
| 942 ## - ADDED ENTRY ELEMENTS (KOHA) | |
| Koha item type | Books |
| Τύπος τεκμηρίου | Βιβλιοθήκη | Τρέχουσα τοποθεσία | Barcode | Αριθμός εισαγωγής | Ημερομηνία απόκτησης | Ταξιθετικό σύμβολο | Αριθμός αντιτύπου | Κατάσταση απόσυρσης | Κατάσταση χαμένου | Κατάσταση κατεστραμμένου | Μη δανεισμός | Σύνολο δανεισμών | Ημερομηνία τελευταίας εμφάνισης | Η τιμή ισχύει από |
|---|---|---|---|---|---|---|---|---|---|---|---|---|---|---|
| Books | MC Athens Campus Library | MC Athens Campus Library | 9780000032621 | 7330 | 05/06/2025 | 158/.1 ROB | 1 | 05/06/2025 | 05/06/2025 |